000 00479cam a2200145 4500500
005 20251012011432.0
041 _afre
042 _adc
100 1 0 _aFleury, Pauline
_eauthor
245 0 0 _aDe la dialectique appliquée à la stratégie turque
260 _c2015.
500 _a22
786 0 _nPhilosophie magazine | 93 | 10 | 2015-10-01 | p. 2-2 | 1951-1787
856 4 1 _uhttps://shs.cairn.info/magazine-philosophie-magazine-2015-10-page-2?lang=fr&redirect-ssocas=7080
999 _c1523042
_d1523042